• 首页
  • 本馆介绍
  • 公告通知
  • 最新文献
  • 馆藏检索
  • 电子资源
  • 读者导购
  • 参考咨询
  • 我的图书馆
  • 登录
  • 详细信息显示
  • 放入我的书架
  • 预约/预借图书
  • 作者相关作品
  • 分类相关作品
  • 丛书相关作品
  • 出版社相关作品

书目信息

  • 表格格式
  • 工作单格式
  • 卡片格式
题名:
海陆奇袭全球海军陆战队百科图鉴
    
 
作者: ;军情视点 编
分册:  
出版信息: 北京   化学工业出版社  2016
页数: 174页
开本: 23×24cm
丛书名: 军事百科典藏书系
单 册:
中图分类: E153-64
科图分类:
主题词: 海军陆战队--hai jun lu zhan dui--介绍--世界--图集
电子资源:
ISBN: 978-7-122-27848-7
000 01061nam0 22002531 450
001 0103153614
005 20170503153614.0
010    @a978-7-122-27848-7@dCNY59.00
100    @a20161013d2016 em y0chiy50 ea
101 0  @achi
102    @aCN@b110000
105    @aa z 000yy
106    @ar
200 1  @a海陆奇袭全球海军陆战队百科图鉴@9hai lu qi xi quan qiu hai jun lu zhan dui bai ke tu jian@f军情视点编
210    @a北京@c化学工业出版社@d2016
215    @a174页@d23×24cm
225 2  @a军事百科典藏书系@9jun shi bai ke dian cang shu xi
330    @a本书不仅详细介绍了海军陆战队的历史、特点、使命、编制和装备等方面的知识,还精心选取了世界上较为知名的七支海军陆战队(涉及美国、苏联/俄罗斯、英国、法国、荷兰、韩国和日本等国),对每支部队的发展历史、组织架构、作战能力、著名指挥官、重要装备等都进行了深入讲解。
461  0 @12001 @a军事百科典藏书系
606 0  @a海军陆战队@9hai jun lu zhan dui@x介绍@y世界@j图集
690    @aE153-64@v5
711 02 @a军情视点@9jun qing shi dian@4编
801  0 @aCN@bTANGWEI@c20170308
905    @b0967273-6@dE153-64@e77@f4
    
    海陆奇袭全球海军陆战队百科图鉴/军情视点编.-北京:化学工业出版社,2016
    174页;23×24cm.-(军事百科典藏书系)
    
    
    ISBN 978-7-122-27848-7:CNY59.00
    本书不仅详细介绍了海军陆战队的历史、特点、使命、编制和装备等方面的知识,还精心选取了世界上较为知名的七支海军陆战队(涉及美国、苏联/俄罗斯、英国、法国、荷兰、韩国和日本等国),对每支部队的发展历史、组织架构、作战能力、著名指挥官、重要装备等都进行了深入讲解。
●
相关链接 在E读中查询图书 在五车中查询图书 在当当中查询图书 在豆瓣中查询图书


正题名:海陆奇袭全球海军陆战队百科图鉴     索取号:E153-64/77         预约/预借

序号 登录号 条形码 馆藏地/架位号 状态 备注
1 0967273   209672736   第一样本阅览室/ [索取号:E153-64/77] 在馆    
2 0967274   209672745   第一借阅区/ [索取号:E153-64/77] 在馆    
3 0967275   209672754   第一借阅区/ [索取号:E153-64/77] 在馆    
4 0967276   209672763   第一借阅区/ [索取号:E153-64/77] 在馆    
唐山师范学院图书馆 欢迎您!
大连网信软件有限公司© 版权所有